000 01411nam a22002417a 4500
005 20250422121415.0
008 250416b |||||||| |||| 00| 0 eng d
020 _a978-81-7309-954-0 (pbk)
037 _cREF
040 _aCRL
_cCRL
041 _2hin
_ahin
084 _aO152,3M80x Q7.1-.8
_qCRL
100 _aप्रेमचंद
245 _aनया मानसरोवर
260 _aनई दिल्ली, भारत:
_bसस्ता साहित्य मण्डल प्रकाशन,
_c2017.
300 _aखंड 1 (1, 474पृ0); खंड 2 (1, 447पृ0); खंड 3 (1, 434पृ0); खंड 4 (1, 540पृ0); खंड 5 (1,392पृ0); खंड 6 (1, 325पृ0); खंड 7 (1, 568पृ0); खंड 8 (1, 325पृ0)
365 _b3200.00
_cINR
650 _aहिन्दी कहानी
650 _aहिन्दी साहित्य
700 _aगोयनका, कमल किशोर (संपादक)
942 _2CC
_cTB
_hO152,3M80x Q7.1-.8
_n0
999 _c1309053
_d1309053